zpět

Detail výsledku týmu

The PUB Praha 6 PO, Praha

Datum a čas kvízu

36.5 Celkem bodů Celkový počet nahraných bodů na tomto kvízu bez doplňovacích otázek.
3. Pořadí na kvízu Konečné umístění týmu na tomto kvízu.

Zaznamenané odpovědi

# Otázka Odpověď Body Výsledky
1. V Praze minulý týden začala st... Pankrác 1
2. Slovenská policie minulý týden... Robert Fico, Robert Kaliňák 1
3. Společnost Mattel vydala u pří... královna Alžběta II. 0
4. Jedna z českých nápojářských z... Kofola 1
5. Českým házenkářkám se povedl m... Francie 1
6. Tímto tématem navazujeme v naš... B 1
7. Papírová dvacetikoruna byla v... Přemysl Otakar I. 0
8. Dvacet deka lásky je knihou po... Monyová 0
9. Nyní se podíváme do periodické... vápník 1
10. V roce 1920 se v Berlíně narod... Helmut Newton 0